000 00516nam a2200157Ia 4500
003 IQ-KOUCL
041 _aArabic
082 _a340,072 cut-449 ف
100 _a20260118u\\\\\\\\\\\y0engy0103\\\\ba
100 _aعوني محمد الفخري
245 0 _aارادة الاختيار في العقود الدولية التجارية والمالية دراسة مقارنة
250 _aط1
260 _bمنشورات زين الحقوقية
_aبيروت - لبنان
_c2012
300 _a304
942 _cBk
999 _c187047
_d187047